Manual de violencia familiar / (Record no. 86687)

MARC details
000 -CABECERA
campo de control de longitud fija 00633nam a2200217 a 4500
005 - FECHA Y HORA DE LA ÚLTIMA TRANSACCIÓN
campo de control 20240913064616.0
008 - ELEMENTOS DE LONGITUD FIJA--INFORMACIÓN GENERAL
campo de control de longitud fija 010924s1998 mx r 000 0 spa d
020 ## - NÚMERO INTERNACIONAL NORMALIZADO PARA LIBROS
Número Internacional Estándar del Libro 8432309710
035 ## - NÚMERO DE CONTROL DEL SISTEMA
Número de control de sistema UPN01000112779
049 ## - COLECCIÓN
Colección CG
050 #4 - SIGNATURA TOPOGRÁFICA DE LA BIBLIOTECA DEL CONGRESO
Número de clasificación HQ809
Número de documento/Ítem E2.4
100 1# - ASIENTO PRINCIPAL--NOMBRE PERSONAL
Nombre de persona Echeburúa, Enrique
245 10 - MENCIÓN DE TÍTULO
Título Manual de violencia familiar /
Mención de responsabilidad, etc. Enrique Echeburúa, Paz de Corral.
260 ## - PUBLICACIÓN, DISTRIBUCIÓN, ETC.
Lugar de publicación, distribución, etc. Madrid, Esp. :
Nombre del editor, distribuidor, etc. Siglo XXI,
Fecha de publicación, distribución, etc. 1998.
300 ## - DESCRIPCIÓN FÍSICA
Extensión 213 p.
440 #0 - MENCIÓN DE SERIE/ASIENTO SECUNDARIO--TÍTULO
Título Manuales.
Nombre de parte o sección de la obra Psicología
650 #4 - ASIENTO SECUNDARIO DE MATERIA - TERMINO TEMATICO
Término de materia o nombre geográfico como elemento de entrada Familias
Subdivisión general Aspectos psicológicos
9 (RLIN) 14119
650 #4 - ASIENTO SECUNDARIO DE MATERIA - TERMINO TEMATICO
Término de materia o nombre geográfico como elemento de entrada Violencia familiar
9 (RLIN) 5665
700 1# - ASIENTO SECUNDARIO--NOMBRE DE PERSONAL
Nombre de persona Corral, Paz de,
Término indicativo de función/relación coaut.
905 ## - TIPO DE MATERIAL
Tipo de material Libro
Holdings
Estado de retiro Estado de pérdida Fuente del sistema de clasificación o colocación Estado dañado No para préstamo Código de colección Localización permanente Ubicación/localización actual Ubicación en estantería Fecha de adquisición Total de préstamos Renovaciones totales Clasificación Código de barras Fecha visto por última vez Fecha del último préstamo Número de copia Tipo de ítem Koha
    Library of Congress Classification     Colección General Bib. Gregorio Torres Quintero Bib. Gregorio Torres Quintero Planta baja 18/02/2022 78 1 HQ809 E2.4 176582 19/10/2023 19/09/2023 1 Libro